000 01492cam a22004097a 4500
003 CHAP
005 20220329142044.0
008 990503d1999 mx r 00110 spa d
010 _a77716
011 _a78688
035 _a88705
040 _cCHAP
090 _aTesis
100 0 0 _aSánchez Enríquez, Horacio.
_9107488
245 1 0 _aEvaluación del comportamiento productivo de ovejas Suffolk en pastoreo en la fase final de gestación
_c/por Horacio Sánchez Enríquez
260 _aChapingo, Méx. :
_bEl autor,
_c1999
300 _a44 h. :
_bgráfs. ; cuadros
502 _aTesis (Ing Agr. Esp. en Zootecnia) -- UACH. Departamento de Zootecnia
590 _aALEPH
_b10
_c20130110
_lUCH01
_h1429
590 _aBATCH-UPD
_b10
_c20130110
_lUCH01
_h1301
590 _aBATCH-UPD
_b10
_c20130410
_lUCH01
_h0819
590 _aBATCH-UPD
_b10
_c20130914
_lUCH01
_h0252
590 _aCONVERSION
_b10
_c20130109
_lUCH01
_h1343
650 1 4 _aAlfalfa como forraje.
_93899
650 1 4 _aDactylis glomerata.
_930865
650 1 4 _aGanado lanar
_xAlimentación.
_945153
650 1 4 _aGanado lanar
_xPastoreo.
_945209
650 1 4 _aGanado lanar
_xProducción.
_945214
650 1 4 _aGanado lanar
_xRazas.
_945218
650 1 4 _aGanado Suffolk.
_945424
901 _aBK
905 _aGuadalupe Pinto C.
942 _cFOLL
949 _bBC
_cTES
_d33724000715017
_eTS2
_fc.2
_h33958
_i88705
_sb
949 _bBC
_cTES
_d33724000764148
_eTS2
_fc.3
_h35992
_i88705
_sb
949 _bBC
_cTES
_d887051
_eTS1
_h33957
_i88705
_sb
999 _c77716
_d77716